Strukturální změny v hospodářství světovém a československém

Guardado en:
Detalles Bibliográficos
Formato: Libro
Lenguaje:checo
Publicado: Praha Orbis 1936
Etiquetas: Agregar Etiqueta
Sin Etiquetas, Sea el primero en etiquetar este registro!

MARC

LEADER 00000nam a2200000 4500
001 0303355
005 20240802104648.1
041 0 |a cze 
044 |a CZ 
245 1 0 |a Strukturální změny v hospodářství světovém a československém  |c Vladimír Klimecký 
264 1 |a Praha  |b Orbis  |c 1936